[Event "Ruhrgebiet Verbandsliga Gruppe 1 1819"]
[Site "Nordrheinwestfalen"]
[Date "2019.05.05"]
[Round "9.6"]
[White "Augustin, Thomas"]
[Black "Hessel, Malte"]
[Result "0-1"]
[WhiteElo "1717"]
[BlackElo "1940"]
[PlyCount "104"]
[EventDate "2018.09.23"]
[EventType "team-tourn"]
[EventRounds "9"]
[EventCountry "GER"]
[SourceTitle "EXT 2022"]
[Source "ChessBase"]
[SourceDate "2021.10.06"]
[SourceVersion "1"]
[SourceVersionDate "2021.10.06"]
[SourceQuality "1"]
[WhiteTeam "Altenessen"]
[BlackTeam "Sodingen/Castrop SK II"]
[WhiteTeamCountry "GER"]
[BlackTeamCountry "GER"]

1. e4 c6 2. d4 d5 3. e5 c5 4. dxc5 e6 5. Be3 Nc6 6. Bb5 Nge7 7. Ne2 Bd7 8. Bxc6 Nxc6 9. Bd4 Qa5+ 10. Qd2 Qxd2+ 11. Kxd2 Nxd4 12. Nxd4 Bxc5 13. c3 f6 14. Re1 0-0 15. f3 fxe5 16. Rxe5 Bd6 17. Re2 e5 18. Nc2 Bb5 19. Re1 Rae8 20. Nba3 Bc6 21. h3 e4 22. Nd4 Bg3 23. Re2 exf3 24. Rxe8 Bxe8 25. Nxf3 Bf4+ 26. Ke2 Bg6 27. Nb5 Re8+ 28. Kf2 Be3+ 29. Kg3 Bb6 30. Nbd4 Re3 31. Kf2 Re7 32. Re1 Rxe1 33. Kxe1 Kf8 34. Ne6+ Ke7 35. Nfd4 Bb1 36. a3 g6 37. Kd2 Kf6 38. Ke3 Bf5 39. Nf4 Ke5 40. g4 g5 41. Nfe2 Be4 42. Kf2 Bd3 43. Kf3 a5 44. b4 a4 45. Kg3 Ke4 46. Nf3 Bxe2 47. Nxg5+ Kd3 48. Nxh7 Kxc3 49. g5 d4 50. Nf6 Bc4 51. Kf2 d3+ 52. Ke1 d2+ 0-1

[Event "Ruhrgebiet Verbandsliga Gruppe 1 1819"]
[Site "Nordrheinwestfalen"]
[Date "2019.03.24"]
[Round "8.5"]
[White "Augustin, Thomas"]
[Black "Schmidt, Ingo"]
[Result "0-1"]
[WhiteElo "1738"]
[BlackElo "1953"]
[PlyCount "46"]
[EventDate "2018.09.23"]
[EventType "team-tourn"]
[EventRounds "9"]
[EventCountry "GER"]
[SourceTitle "EXT 2022"]
[Source "ChessBase"]
[SourceDate "2021.10.06"]
[SourceVersion "1"]
[SourceVersionDate "2021.10.06"]
[SourceQuality "1"]
[WhiteTeam "Altenessen"]
[BlackTeam "Hamm Koenigsspringer"]
[WhiteTeamCountry "GER"]
[BlackTeamCountry "GER"]

1. e4 e5 2. Nf3 Nc6 3. Bb5 Nf6 4. Bxc6 dxc6 5. d3 Bd6 6. h3 Qe7 7. Bg5 h6 8. Bh4 g5 9. Nxg5 hxg5 10. Bxg5 Rg8 11. h4 Bg4 12. f3 Be6 13. d4 0-0-0 14. Qe2 Rg6 15. f4 exf4 16. e5 Bc4 17. Bxf6 Rxf6 18. Qxc4 Bxe5 19. dxe5 Qxe5+ 20. Qe2 Qxb2 21. Qg4+ Re6+ 22. Kf2 Qd4+ 23. Kf1 Qxa1 0-1

[Event "Ruhrgebiet Verbandsliga Gruppe 1 1819"]
[Site "Nordrheinwestfalen"]
[Date "2019.01.20"]
[Round "5.6"]
[White "Augustin, Thomas"]
[Black "Gierse, Heinz Dieter"]
[Result "0-1"]
[WhiteElo "1738"]
[BlackElo "1945"]
[PlyCount "66"]
[EventDate "2018.09.23"]
[EventType "team-tourn"]
[EventRounds "9"]
[EventCountry "GER"]
[SourceTitle "EXT 2022"]
[Source "ChessBase"]
[SourceDate "2021.10.06"]
[SourceVersion "1"]
[SourceVersionDate "2021.10.06"]
[SourceQuality "1"]
[WhiteTeam "Altenessen"]
[BlackTeam "Bottrop SV"]
[WhiteTeamCountry "GER"]
[BlackTeamCountry "GER"]

1. e4 d5 2. exd5 Nf6 3. d4 Nxd5 4. Nf3 g6 5. Bc4 Bg7 6. 0-0 0-0 7. Nc3 Nb6 8. Be2 Nc6 9. Be3 Bf5 10. a3 e5 11. dxe5 Qxd1 12. Bxd1 Nc4 13. Bc1 Rad8 14. b3 N4xe5 15. Nxe5 Bxe5 16. Bb2 Rd2 17. Rc1 Nd4 18. Na4 b5 19. Bc3 Rxd1 20. Rcxd1 Ne2+ 21. Kh1 Nxc3 22. Nxc3 Bxc3 23. Rd5 a6 24. Rc5 Ba5 25. c4 Bb6 26. Rd5 Be6 27. Re5 bxc4 28. b4 Rd8 29. h4 Rd2 30. h5 Kg7 31. f3 c3 32. Rc1 c2 33. Kh2 Bd4 0-1

[Event "Ruhrgebiet Verbandsliga Gruppe 2 1718"]
[Site "Germany"]
[Date "2018.03.18"]
[Round "8.5"]
[White "Gottmann, Bernd"]
[Black "Augustin, Thomas"]
[Result "1-0"]
[WhiteElo "1912"]
[BlackElo "1709"]
[PlyCount "38"]
[EventDate "2017.09.17"]
[EventType "team-tourn"]
[EventRounds "9"]
[EventCountry "GER"]
[SourceTitle "EXT 2022"]
[Source "ChessBase"]
[SourceDate "2021.10.06"]
[SourceVersion "1"]
[SourceVersionDate "2021.10.06"]
[SourceQuality "1"]
[WhiteTeam "Gerthe Werne"]
[BlackTeam "Altenessen"]
[WhiteTeamCountry "GER"]
[BlackTeamCountry "GER"]

1. d4 d5 2. c4 c6 3. cxd5 cxd5 4. Bg5 Nc6 5. Nc3 Qa5 6. e3 e6 7. Bd3 Be7 8. Bxe7 Ngxe7 9. Nf3 Bd7 10. 0-0 Qc7 11. Rc1 Rc8 12. Re1 f5 13. Ne2 Qd6 14. Nf4 0-0 15. Be2 a6 16. a3 Kh8 17. h4 Nxd4 18. Qxd4 Rxc1 19. Rxc1 Nc6 1-0

[Event "Ruhrgebiet Verbandsliga Gruppe 2 1718"]
[Site "Germany"]
[Date "2017.11.05"]
[Round "3.6"]
[White "Augustin, Thomas"]
[Black "Jochmann, Christian"]
[Result "1/2-1/2"]
[WhiteElo "1709"]
[BlackElo "1821"]
[PlyCount "114"]
[EventDate "2017.09.17"]
[EventType "team-tourn"]
[EventRounds "9"]
[EventCountry "GER"]
[SourceTitle "EXT 2022"]
[Source "ChessBase"]
[SourceDate "2021.10.06"]
[SourceVersion "1"]
[SourceVersionDate "2021.10.06"]
[SourceQuality "1"]
[WhiteTeam "Altenessen"]
[BlackTeam "Brambauer"]
[WhiteTeamCountry "GER"]
[BlackTeamCountry "GER"]

1. e4 c5 2. Nf3 e6 3. d4 cxd4 4. Nxd4 Nf6 5. Bd3 Nc6 6. Nxc6 dxc6 7. 0-0 e5 8. a4 Bc5 9. Bg5 h6 10. Bh4 Be6 11. Nd2 Qc7 12. Bxf6 gxf6 13. Qf3 Be7 14. Bc4 0-0-0 15. Bxe6+ fxe6 16. Rfd1 Rdf8 17. Qb3 Rd8 18. Qxe6+ Qd7 19. Qxd7+ Rxd7 20. Nf3 Rhd8 21. Rxd7 Rxd7 22. Kf1 Kc7 23. Ke2 Bc5 24. c3 Kb6 25. Nh4 Bf8 26. Rd1 Rxd1 27. Kxd1 Ka5 28. b3 b5 29. axb5 cxb5 30. Nf5 b4 31. c4 Kb6 32. Ne3 Kc5 33. Nd5 Kd4 34. Kd2 Kxe4 35. Nxf6+ Kd4 36. f3 a5 37. Nd7 Be7 38. c5 Bxc5 39. Nxc5 Kxc5 40. Kd3 Kb5 41. g4 a4 42. bxa4+ Kxa4 43. Kc2 Ka3 44. Kb1 Kb3 45. h4 Kc4 46. Kb2 Kd5 47. h5 Ke6 48. Kb3 Kf6 49. Kxb4 Kg5 50. Kc5 Kf4 51. Kd5 Kxf3 52. g5 e4 53. gxh6 e3 54. h7 e2 55. h8Q e1Q 56. Qf6+ Kg4 57. Qg6+ Kf4 1/2-1/2

[Event "Ruhrgebiet Verbandsliga Gruppe 2 1718"]
[Site "Germany"]
[Date "2017.09.17"]
[Round "1.6"]
[White "Augustin, Thomas"]
[Black "Warmbier, Robert"]
[Result "0-1"]
[WhiteElo "1709"]
[BlackElo "1867"]
[PlyCount "46"]
[EventDate "2017.09.17"]
[EventType "team-tourn"]
[EventRounds "9"]
[EventCountry "GER"]
[SourceTitle "EXT 2022"]
[Source "ChessBase"]
[SourceDate "2021.10.06"]
[SourceVersion "1"]
[SourceVersionDate "2021.10.06"]
[SourceQuality "1"]
[WhiteTeam "Altenessen"]
[BlackTeam "Holsterhausen SK"]
[WhiteTeamCountry "GER"]
[BlackTeamCountry "GER"]

1. e4 c5 2. Nf3 e6 3. d4 cxd4 4. Nxd4 a6 5. c4 Qc7 6. Be3 Nf6 7. f3 Nc6 8. Nxc6 bxc6 9. Qc2 h5 10. Nc3 Bd6 11. Bg1 h4 12. c5 Bf4 13. Ne2 Be5 14. Be3 Rb8 15. Bc1 Nh5 16. h3 Qa5+ 17. Bd2 Rxb2 18. Qxb2 Bxb2 19. Bxa5 Bxa1 20. Bc7 e5 21. f4 exf4 22. Nxf4 Ng3 23. Rg1 Bd4 0-1

[Event "Ruhrgebiet Verbandsklasse Gruppe 1 1617"]
[Site "Germany"]
[Date "2016.11.27"]
[Round "4.7"]
[White "Augustin, Thomas"]
[Black "Kolberg, Karl Heinz"]
[Result "1-0"]
[WhiteElo "1669"]
[BlackElo "1550"]
[PlyCount "59"]
[EventDate "2016.09.04"]
[EventType "team-tourn"]
[EventRounds "9"]
[EventCountry "GER"]
[SourceTitle "EXT 2022"]
[Source "ChessBase"]
[SourceDate "2021.10.06"]
[SourceVersion "1"]
[SourceVersionDate "2021.10.06"]
[SourceQuality "1"]
[WhiteTeam "Altenessen"]
[BlackTeam "Huckarde Westerfilde"]
[WhiteTeamCountry "GER"]
[BlackTeamCountry "GER"]

1. e4 c5 2. Nf3 Nf6 3. Nc3 e6 4. e5 Ng4 5. d4 Nc6 6. h3 cxd4 7. hxg4 dxc3 8. b3 Qa5 9. Bf4 b6 10. Bd3 g6 11. Qe2 Bb7 12. a4 Nb4 13. Be4 Bxe4 14. Qxe4 Nd5 15. Bg5 Qb4 16. Nd4 Be7 17. Bxe7 Kxe7 18. Rd1 a6 19. f4 h5 20. g5 h4 21. f5 Rag8 22. Rxh4 Rxh4 23. Qxh4 Qc5 24. Qh7 Qc8 25. f6+ Kf8 26. Kf2 Qc5 27. Kf3 d6 28. b4 Qxb4 29. Nxe6+ fxe6 30. Rxd5 1-0

[Event "Ruhrgebiet Verbandsklasse Gruppe 1 1617"]
[Site "Germany"]
[Date "2016.10.30"]
[Round "3.7"]
[White "Potyrala, Lukasz Rafal"]
[Black "Augustin, Thomas"]
[Result "1-0"]
[WhiteElo "1654"]
[BlackElo "1669"]
[PlyCount "63"]
[EventDate "2016.09.04"]
[EventType "team-tourn"]
[EventRounds "9"]
[EventCountry "GER"]
[SourceTitle "EXT 2022"]
[Source "ChessBase"]
[SourceDate "2021.10.06"]
[SourceVersion "1"]
[SourceVersionDate "2021.10.06"]
[SourceQuality "1"]
[WhiteTeam "Dortmund FS"]
[BlackTeam "Altenessen"]
[WhiteTeamCountry "GER"]
[BlackTeamCountry "GER"]

1. d4 Nf6 2. Nf3 b6 3. g3 Bb7 4. Bg2 g6 5. 0-0 Bg7 6. c4 0-0 7. Nc3 h6 8. Re1 Ne4 9. Qd3 Nxc3 10. bxc3 Na6 11. e4 c5 12. e5 Qc7 13. d5 d6 14. e6 f5 15. a3 b5 16. Rb1 bxc4 17. Qxc4 Rab8 18. Bf4 Qa5 19. Rb3 Nc7 20. Rxb7 Rxb7 21. Nh4 g5 22. Ng6 Qxc3 23. Nxe7+ Kh7 24. Qxc3 Bxc3 25. Bxd6 Bxe1 26. Bxc7 Rxc7 27. Nxf5 Rxf5 28. Be4 Kg7 29. Bxf5 Ba5 30. d6 Rb7 31. e7 Rb8 32. d7 1-0

[Event "Ruhrgebiet Verbandsklasse Gruppe 3 1516"]
[Site "Germany"]
[Date "2016.04.24"]
[Round "9.7"]
[White "Bautz, Volker"]
[Black "Augustin, Thomas"]
[Result "1/2-1/2"]
[WhiteElo "1816"]
[BlackElo "1669"]
[PlyCount "135"]
[EventDate "2015.09.06"]
[EventType "team-tourn"]
[EventRounds "9"]
[EventCountry "GER"]
[SourceTitle "EXT 2022"]
[Source "ChessBase"]
[SourceDate "2021.10.06"]
[SourceVersion "1"]
[SourceVersionDate "2021.10.06"]
[SourceQuality "1"]
[WhiteTeam "Bochum SV II"]
[BlackTeam "Altenessen"]
[WhiteTeamCountry "GER"]
[BlackTeamCountry "GER"]

1. d4 Nf6 2. Nc3 d5 3. Bg5 Nbd7 4. f3 c6 5. e4 Qa5 6. e5 Ng8 7. Qd2 f6 8. Bf4 e6 9. a3 Bb4 10. Nge2 Ne7 11. exf6 Nxf6 12. 0-0-0 Bxc3 13. Nxc3 b5 14. Bd6 Qd8 15. Be5 a5 16. a4 Qb6 17. axb5 a4 18. Bd6 Bd7 19. Bc5 Qa5 20. b6 Kf7 21. Na2 Rhb8 22. Qxa5 Rxa5 23. Nb4 Nc8 24. Na6 Rb7 25. Bb4 Rxa6 26. Bxa6 Rxb6 27. Bxc8 Rxb4 28. Bxd7 Nxd7 29. c3 Rc4 30. Kc2 c5 31. b3 axb3+ 32. Kxb3 cxd4 33. cxd4 Nb8 34. Rd2 Nc6 35. Rhd1 Na5+ 36. Ka3 g5 37. Rf2 Nc6 38. Rfd2 h5 39. Kb2 Rb4+ 40. Kc1 Na5 41. Rb2 Nb3+ 42. Kb1 Rxd4 43. Rxd4 Nxd4 44. Kc1 Kf6 45. Kd2 Kf5 46. Ke3 e5 47. Rb6 Nc2+ 48. Kd2 Na3 49. Kc3 Nc4 50. Rb1 Ne3 51. Rg1 Kf4 52. Kd3 d4 53. Ke2 g4 54. g3+ Kf5 55. h4 gxf3+ 56. Kxf3 e4+ 57. Ke2 Kg4 58. Kf2 Nf5 59. Rd1 d3 60. Re1 Nd6 61. Ra1 Nf5 62. Re1 e3+ 63. Rxe3 Nxe3 64. Kxe3 Kxg3 65. Kxd3 Kxh4 66. Ke2 Kg3 67. Kf1 Kh2 68. Kf2 1/2-1/2

[Event "Ruhrgebiet Verbandsliga Gruppe 2 1415"]
[Site "Germany"]
[Date "2015.04.26"]
[Round "9.7"]
[White "Buechle, Regina"]
[Black "Augustin, Thomas"]
[Result "0-1"]
[WhiteElo "1784"]
[BlackElo "1624"]
[PlyCount "118"]
[EventDate "2014.09.21"]
[EventType "team-tourn"]
[EventRounds "9"]
[EventCountry "GER"]
[SourceTitle "EXT 2022"]
[Source "ChessBase"]
[SourceDate "2021.10.06"]
[SourceVersion "1"]
[SourceVersionDate "2021.10.06"]
[SourceQuality "1"]
[WhiteTeam "Wattenscheid SV III"]
[BlackTeam "Altenessen"]
[WhiteTeamCountry "GER"]
[BlackTeamCountry "GER"]

1. d4 d5 2. Nf3 Bf5 3. c4 e6 4. Nc3 c6 5. cxd5 exd5 6. a3 Bd6 7. Bg5 Qb6 8. Na4 Qc7 9. e3 f6 10. Bh4 Nd7 11. Rc1 Ne7 12. b4 0-0 13. Bd3 Bxd3 14. Qxd3 a5 15. Qb3 b5 16. Nc5 Bxc5 17. dxc5 axb4 18. axb4 Kh8 19. 0-0 Nf5 20. Bg3 Nxg3 21. hxg3 Ne5 22. Ra1 Nxf3+ 23. gxf3 Qe5 24. Ra2 f5 25. Rd1 h5 26. Kg2 Kh7 27. Qc2 g5 28. Rh1 Kg6 29. Rd1 g4 30. fxg4 hxg4 31. Rxa8 Rxa8 32. Rd4 Kg5 33. Qd1 Qh8 34. Qh1 Qxh1+ 35. Kxh1 Ra1+ 36. Kg2 Rc1 37. Rd2 Rb1 38. Rd4 Rb2 39. Kf1 Kf6 40. Ke1 Ke5 41. Kf1 Rc2 42. Rd3 Rc4 43. Rb3 Ke4 44. Kg2 d4 45. exd4 Kxd4 46. Kf1 Rc3 47. Rb1 Kc4 48. Ke2 Rb3 49. Rxb3 Kxb3 50. Kd3 Kxb4 51. Kd4 Kb3 52. Ke5 Kc3 53. Kd6 b4 54. Kxc6 b3 55. Kd7 b2 56. c6 b1Q 57. c7 Qd3+ 58. Kc6 Qc4+ 59. Kd7 Kd3 0-1